000 00585nam a2200193Ia 4500
005 20250326141726.0
008 250326s9999 xx 000 0 und d
020 _a0-02-904340-9
037 _aTextbook
040 _aFMSL
_beng
_cFMSL
041 _aeng
_2eng
084 _aX9W M6
_qFMSL
100 _aBurgelman Robert A
245 0 _aInside corporate innovation : Strategy structure and managerial skills
_cBurgelman Robert A; Sayles Leonard R
260 _aNew York
_bNew York, Free
_c1986
300 _aviii,216
942 _cTB
_hX9W M6
999 _c1291674
_d1291674